[Event "CZE-ch Betsys Online Blitz"]
[Site "Chess.com INT"]
[Date "2021.04.17"]
[Round "1"]
[White "Machala, Matej"]
[Black "Zavurka, Roman"]
[Result "0-1"]
[WhiteElo "1618"]
[BlackElo "2169"]
[PlyCount "34"]
[EventDate "2021.04.17"]
[EventType "swiss (blitz)"]
[EventRounds "13"]
[EventCountry "CZE"]
[SourceTitle "CBM 201 Extra"]
[Source "ChessBase"]
[SourceDate "2021.05.31"]
[SourceVersion "1"]
[SourceVersionDate "2021.05.31"]
[SourceQuality "1"]

1. e4 b6 2. d4 Bb7 3. Bd3 Nf6 4. Nc3 e6 5. Nf3 Bb4 6. e5 Ne4 7. Bd2 Bxc3 8. bxc3 d5 9. 0-0 h6 10. Re1 c5 11. Be3 Nxc3 12. Qc1 c4 13. Bf1 Qe7 14. a4 Nd7 15. Qb2 Ne4 16. a5 0-0 17. Nd2 c3 0-1